000 00985nmm a2200289 a 4500
001 ocm000984862
003 TR-IsHL
005 20201028153850.0
008 150709s2014 tu tur
007 cr cn
020 _a9786055831608
035 _a984862
_b(N$T)
050 0 4 _aPR6061.E77
_bM4719 2014
090 0 4 _aPR6061.E77
_bM4719 2014
100 1 _aKessler, David
245 1 0 _aKim olduğunu biliyorum
_h[electronic resource] /
_cDavid Kessler ; Türkçesi Zuhal İnal Baycılı
260 _aİstanbul :
_bAltın Bilek Yayınları,
_c2014
300 _a411 p.
500 _aÖzgün adı : Mercy
_x
650 4 _aDil ve Edebiyat
650 4 _aLanguage and Literature
650 0 _aİngiliz romanı
650 0 _aEnglish fiction
650 7 _aLITERARY COLLECTIONS / European / English, Irish, Scottish, Welsh
_2bisacsh
700 1 _aBaycılı, Zuhal İnal
856 4 0 _uhttp://search.ebscohost.com/login.aspx?direct=true&scope=site&db=e011xww&AN=984862
999 _c12274
_d12274